00927cam a22002531a 45000010005000000030008000050050017000130080039000300350018000690350020000870400028001070410008001350820022001431000022001652450077001872600034002643000026002985000192003245000020005165020043005365040032005796500026006116510036006371877BD-RjUL20211208233430.0131209s1965 bg b 001 0 eng a(BD-RjUL)1904 a(OCoLC)11687892 aDLCcScGFdBD-RjULbeng aeng04bRAC 1965a320.0191 aRashiduzzaman, M.14aThe central legislature in British India, 1921-1947 /cM. Rashiduzzaman. aDacca :bBangla bazar,c1965. axiv, 282 p. ;c23 cm. a"Thesis approved for the degree of Doctor of Philosophy by the University of Durham and chosen co-winner of the Gilbert Campion Award by the Hansard Society for Parliamentary Government." aIncludes index. aThesis (Ph. D.)--University of Durham. aBibliography: p. [270]-277. aPolitical psychology. 0aIndiaxPolitics and government.